000 00949nam a2200301Ia 4500
003 OSt
005 20221007124023.0
006 a|||||r|||| 00| 0
007 ta
008 221006b |||||||| |||| 00| 0 eng d
020 _a3527293906 (pbk)
024 _a84031
037 _cAnnuals, Advances
040 _aCDL
_cCDL
_beng
041 _2eng
_aeng
082 _aE5,8191, P6;2 Carc
100 _aElschenbroich Christoph
245 0 _aOrganometallics
_b Oliveira Jose Tr.
260 _aWeinheim
_bWiley-VCH
_c2006
300 _axiv, 804p.
_ccm.
500 _a''Appendix 717-759p''.; ''Index 761-804p''.
650 _a Polymerization
_9718327
650 _a Reppe syntheses
_9718328
650 _aHydrogenation of alkenes
_9718329
700 _a Oliveira Jose Tr.
_9718330
942 _hE5,8191, P6;2 Carc
_cREF
_2CC
999 _c1212804
_d1212804